000 00782nam a2200253Ia 4500
003 OSt
005 20220918171021.0
006 a|||||r|||| 00| 0
007 ta
008 220917b |||||||| |||| 00| 0 eng d
020 _a9781137447944 (pbk)
_cEURO 39.99
024 _a349,034
037 _b480, 16/01/2019, Sunrise Books
_cTextual
040 _aARTS
_cARTS
_beng
041 _2eng
_aeng
082 _aW0bX.1, Q8
100 _aMcCann Dermot Au.
_933163
245 0 _aPolitical economy of 21st century Europe
260 _aLondon
_bPalgrave Macmillan UK
_c2018
300 _axi,256p.
_ccm.
650 _aECONOMICS; POLITICAL SCIENCE
_933164
942 _hW0bX.1, Q8
_cTEXL
_2CC
999 _c137298
_d137298